| 000 | 00624nam a2200229Ia 4500 | ||
|---|---|---|---|
| 005 | 20251020182448.0 | ||
| 008 | 200515s9999 xx 000 0 und d | ||
| 082 | _a620.1:62/E46 | ||
| 100 | _aEllis, W. J. | ||
| 245 | 0 | _aIngeniería de materiales | |
| 250 | _a2a ed. | ||
| 260 | _aMéxico, D.F. | ||
| 260 | _bREPRESENTACIONES Y SERVICIOS DE INGENIERÍA | ||
| 260 | _c1974 | ||
| 300 | _a136 | ||
| 300 | _btbl., graf. | ||
| 500 | _a1 ejemplar | ||
| 520 | _aPropiedades físicas de materiales de los cuales se hacen los equipos eléctricos y electrónicos. | ||
| 650 | _aMATERIALES | ||
| 942 | _cLIB | ||
| 999 |
_c768 _d768 |
||